Steuerliche Aspekte der Wahl der Rechtsform von Unternehmen.

V procese prelomu bývalého hospodárstva NDR došlo k zmenám v mnohých existujúcich podnikoch a k vytvoreniu nových podnikov predovšetkým akciových spoločností a spoločností s ručením obmedzeným. Rozdiely pri bežnom zdaňovaní jednotlivých typov podnikov. Porovnanie zdaňovania jednotlivých typov podnik...

Description complète

Enregistré dans:
Détails bibliographiques
Auteur principal: Krause, J.
Format: Chapitre de livre
Langue:allemand
Sujets:
Tags: Ajouter un tag
Pas de tags, Soyez le premier à ajouter un tag!

MARC

LEADER 00000naa a2200000 4500
001 r002855
005 20240618122426.9
041 0 |a ger 
044 |a DE 
245 1 0 |a Steuerliche Aspekte der Wahl der Rechtsform von Unternehmen.  |c J. Krause 
520 |a V procese prelomu bývalého hospodárstva NDR došlo k zmenám v mnohých existujúcich podnikoch a k vytvoreniu nových podnikov predovšetkým akciových spoločností a spoločností s ručením obmedzeným. Rozdiely pri bežnom zdaňovaní jednotlivých typov podnikov. Porovnanie zdaňovania jednotlivých typov podnikov zohráva významnú úlohu pri ich zakladaní. 
610 2 0 |a dane podnikové 
610 2 0 |a Nemecko 
610 2 0 |a právo 
610 2 0 |a reformy daňové 
610 2 0 |a spoločnosti akciové 
610 2 0 |a podnik 
100 1 |a Krause, J.